The mining districts of the western United States, (Record no. 25159)
[ view plain ]
| 000 -LEADER | |
|---|---|
| fixed length control field | 00866cam a22002411 4500 |
| 001 - CONTROL NUMBER | |
| control field | gs 12000485 |
| 003 - CONTROL NUMBER IDENTIFIER | |
| control field | DLC |
| 005 - DATE AND TIME OF LATEST TRANSACTION | |
| control field | 20260227111313.0 |
| 008 - FIXED-LENGTH DATA ELEMENTS--GENERAL INFORMATION | |
| fixed length control field | 770922s1912 dcuab f000 0 eng c |
| 010 ## - LIBRARY OF CONGRESS CONTROL NUMBER | |
| LC control number | gs 12000485 |
| 035 ## - SYSTEM CONTROL NUMBER | |
| System control number | (OCoLC)3287573 |
| 040 ## - CATALOGING SOURCE | |
| Original cataloging agency | U.S. Geol. Survey. Libr. |
| Transcribing agency | UU |
| Modifying agency | OCoLC |
| -- | DLC |
| 042 ## - AUTHENTICATION CODE | |
| Authentication code | premarc |
| 050 00 - LIBRARY OF CONGRESS CALL NUMBER | |
| Classification number | QE75 |
| Item number | .B9 no. 507 |
| 051 ## - LIBRARY OF CONGRESS COPY, ISSUE, OFFPRINT STATEMENT | |
| Classification number | TN23.4 |
| Item number | .H5 |
| Copy information | Copy 2. |
| 100 1# - MAIN ENTRY--PERSONAL NAME | |
| Personal name | Hill, James M. |
| Fuller form of name | (James Madison), |
| Dates associated with a name | 1884- |
| 245 14 - TITLE STATEMENT | |
| Title | The mining districts of the western United States, |
| Statement of responsibility, etc. | by James M. Hill, with a geologic introduction, by Waldemar Lindgren. |
| 260 ## - PUBLICATION, DISTRIBUTION, ETC. | |
| Place of publication, distribution, etc. | Washington, |
| Name of publisher, distributor, etc. | Govt. Print. Off., |
| Date of publication, distribution, etc. | 1912. |
| 300 ## - PHYSICAL DESCRIPTION | |
| Extent | 309 p. |
| Other physical details | illus., XVI fold. maps. |
| Dimensions | 24 cm. |
| 490 0# - SERIES STATEMENT | |
| Series statement | United States Geological survey. Bulletin |
| Volume/sequential designation | 507 |
| 650 #0 - SUBJECT ADDED ENTRY--TOPICAL TERM | |
| Topical term or geographic name entry element | Mines and mineral resources |
| Geographic subdivision | United States. |
| 700 1# - ADDED ENTRY--PERSONAL NAME | |
| Personal name | Lindgren, Waldemar, |
| Dates associated with a name | 1860-1939. |
No items available.